Einfuhrung in die Metaphysik

Saved in:
Bibliographic Details
Main Author: Heidegger, Martin, 1889-1976
Format: Book
Language:German
Published: Tubingen : Max Niemeyer, 1953.
Subjects:
Tags: Add Tag
No Tags, Be the first to tag this record!

MARC

LEADER 00000cam a2200000 i 4500
001 1/31583
008 060627s1953 gw | ||| |||| ||ger||
035 |l 10084446 
040 |a GR-MY-UA  |b gre  |e aacr 
041 0 |a ger 
082 7 |a 193   |2 (22) 
100 1 |a Heidegger, Martin,   |d 1889-1976. 
245 1 0 |a Einfuhrung in die Metaphysik /   |c von Martin Heidegger.  
260 |a Tubingen :   |b Max Niemeyer,   |c 1953.  
300 |a 156 σ. ;   |c 23 εκ. 
600 1 0 |a Heidegger, Martin,   |d 1889-1976. 
650 0 0 |a Ontology. 
650 0 0 |a Metaphysics. 
767 0 8 |i Μεταφρασμένο ως:   |t Εισαγωγή στη μεταφυσική /  
852 |a INST  |b RHODES  |c KRI  |e 20060627  |h  193 HEI  |p 005400024766  |q 005400024766  |t BK  |y 0 
901 |a BIBL4-2006-2 
909 |a Ρ  |b 126551 
970 |a ΚΟΖΑ  |b ΜΑΡΙΑ  |z 2006/06/27